The history of the tea plantation in Nilgiris / (Record no. 17548)
[ view plain ]
| 000 -LEADER | |
|---|---|
| fixed length control field | 00812nam a22002174a 4500 |
| 005 - DATE AND TIME OF LATEST TRANSACTION | |
| control field | 20080729164931.0 |
| 008 - FIXED-LENGTH DATA ELEMENTS--GENERAL INFORMATION | |
| fixed length control field | 080416s2008 waua 001 0 eng |
| 010 ## - LCCN (DPL NO) | |
| LC control number | ENG-91509 |
| 020 ## - INTERNATIONAL STANDARD BOOK NUMBER | |
| Terms of availability | 60.00 |
| International Standard Book Number | 9788190743068 |
| 035 ## - SYSTEM CONTROL NUMBER | |
| System control number | EN-75042 |
| 037 ## - SOURCE OF ACQUISITION | |
| Source of stock number/acquisition | DBAD / PUB |
| 040 ## - CATALOGING SOURCE | |
| Original cataloging agency | DPL |
| Language of cataloging | English |
| 082 ## - DEWEY DECIMAL CLASSIFICATION NUMBER | |
| Classification number | 338.17372095409 |
| 100 ## - MAIN ENTRY--PERSONAL NAME | |
| Personal name | Ramesh, N. |
| 245 ## - TITLE STATEMENT | |
| Title | The history of the tea plantation in Nilgiris / |
| Statement of responsibility, etc | by N. Ramesh |
| 260 ## - PUBLICATION, DISTRIBUTION, ETC. (IMPRINT) | |
| Place of publication, distribution, etc | Coimbatore |
| Name of publisher, distributor, etc | A.E. Publications |
| Date of publication, distribution, etc | 2008 |
| 300 ## - PHYSICAL DESCRIPTION | |
| Extent | 64p.: |
| Dimensions | 20cm (pbk) |
| Other physical details | b&w photos |
| 650 ## - SUBJECT ADDED ENTRY--TOPICAL TERM | |
| Topical term or geographic name as entry element | Tea trade |
| Geographic subdivision | India |
| General subdivision | History |
| 942 ## - ADDED ENTRY ELEMENTS (KOHA) | |
| Source of classification or shelving scheme | Dewey Decimal Classification |
| Item type | English Books |
| Call number suffix | RAM |
| Classification part | 338.17372095409 |
| Withdrawn status | Lost status | Source of classification or shelving scheme | Damaged status | Not for loan | Collection code | Home library | Current library | Date acquired | Source of acquisition | Cost, normal purchase price | Total Checkouts | Full call number | Barcode | Date last seen | Copy number | Cost, replacement price | Koha item type |
|---|---|---|---|---|---|---|---|---|---|---|---|---|---|---|---|---|---|
| Dewey Decimal Classification | Not For Loan | Non-fiction | D.B.Act.Division | D.B.Act.Division | 04/11/2008 | DBAD / PUb | 60.00 | 338.17372095409 RAJ | EN-75042 | 04/11/2008 | 1 | 60.00 | English Books |
